| 000 | 00509nam a2200181Ia 4500 | ||
|---|---|---|---|
| 003 | IEPS | ||
| 005 | 20250703135242.0 | ||
| 008 | 250223s9999||||xx |||||||||||||| ||und|| | ||
| 040 | _CIEPS | ||
| 041 | _aara | ||
| 082 | _a796.815 | ||
| 100 | _aمحمد حسين | ||
| 245 | 0 | _aالكراتيه و فن الدفاع عن النفس | |
| 260 |
_aالقاهرة _bمكتبة إبن سينا _c1989 |
||
| 300 |
_a208 ص. _bغلاف ملون ومصور _c24 سم |
||
| 653 | _aالكراتيه | ||
| 942 | _cكتاب | ||
| 999 |
_c11265 _d11265 |
||